|
|
|
|
| LEADER |
02401nam a2200649 i 4500 |
| 001 |
nkc20193148293 |
| 003 |
CZ PrNK |
| 005 |
20191107101023.0 |
| 007 |
ta |
| 008 |
191016t20192019xr a g p 000 f eng |
| 015 |
|
|
|a cnb003148293
|
| 020 |
|
|
|a 978-80-7547-360-8
|q (brožováno)
|
| 035 |
|
|
|a (OCoLC)1130263367
|
| 040 |
|
|
|a OLA001
|b cze
|e rda
|
| 041 |
1 |
|
|a eng
|a cze
|h eng
|
| 072 |
|
7 |
|a 811.111
|x Angličtina
|2 Konspekt
|9 11
|
| 072 |
|
7 |
|a 821.111(73)-3
|x Americká próza
|2 Konspekt
|9 25
|
| 080 |
|
|
|a 821.111(73)-32
|2 MRF
|
| 080 |
|
|
|a 811.111
|2 MRF
|
| 080 |
|
|
|a 028.4-028.31/.32
|2 MRF
|
| 080 |
|
|
|a (0:82-32)
|2 MRF
|
| 080 |
|
|
|a (0.027)=030
|2 MRF
|
| 080 |
|
|
|a (07.063)81
|2 MRF
|
| 100 |
1 |
|
|a Kovalová, Edita,
|d 1973-
|7 ola20191054591
|4 aut
|4 trl
|
| 245 |
1 |
4 |
|a The old man and the sea =
|b Stařec a moře /
|c Ernest Hemingway ; jazyková úprava originálu a překlad: Edita Kovalová
|
| 246 |
3 |
1 |
|a Stařec a moře
|
| 264 |
|
1 |
|a Dubicko :
|b INFOA,
|c [2019]
|
| 264 |
|
4 |
|c ©2019
|
| 300 |
|
|
|a 192 stran :
|b ilustrace ;
|c 20 cm
|
| 336 |
|
|
|a text
|b txt
|2 rdacontent
|
| 337 |
|
|
|a bez média
|b n
|2 rdamedia
|
| 338 |
|
|
|a svazek
|b nc
|2 rdacarrier
|
| 490 |
1 |
|
|a Mozaika
|
| 490 |
1 |
|
|a Anglicko-český zrcadlový text
|
| 521 |
8 |
|
|a Pro jazykovou úroveň B1-B2
|
| 546 |
|
|
|a Souběžný český text
|
| 650 |
0 |
7 |
|a angličtina
|7 ph114056
|2 czenas
|
| 650 |
0 |
7 |
|a zjednodušená četba
|7 ph656682
|2 czenas
|
| 650 |
0 |
9 |
|a English language
|2 eczenas
|
| 650 |
0 |
9 |
|a simplified reading
|2 eczenas
|
| 653 |
0 |
|
|a jazyková úroveň B1
|a jazyková úroveň B2
|
| 655 |
|
7 |
|a americké novely
|7 fd131792
|2 czenas
|
| 655 |
|
7 |
|a dvojjazyčná vydání
|7 fd194533
|2 czenas
|
| 655 |
|
7 |
|a jazykové učebnice, texty, příručky (B)
|7 fd600891
|2 czenas
|
| 655 |
|
9 |
|a American novellas
|2 eczenas
|
| 655 |
|
9 |
|a bilingual editions
|2 eczenas
|
| 655 |
|
9 |
|a language textbooks, texts, handbooks (B)
|2 eczenas
|
| 700 |
1 |
|
|i Adaptace díla:
|a Hemingway, Ernest,
|d 1899-1961.
|t Old man and the sea
|7 aun20191055142
|
| 700 |
1 |
2 |
|a Kovalová, Edita,
|d 1973-
|t Stařec a moře
|
| 700 |
1 |
2 |
|a Kovalová, Edita,
|d 1973-
|t Stařec a moře.
|l Anglicky
|
| 830 |
|
0 |
|a Mozaika (INFOA)
|0 s
|
| 830 |
|
0 |
|a Anglicko-český zrcadlový text
|0 s
|
| 910 |
2 |
|
|a BOA001
|b 1-1434.546
|
| 990 |
|
|
|a BK
|
| 995 |
|
|
|a 01
|
| 991 |
|
|
|b 201910
|c NOV
|
| 996 |
6 |
|
|b 2610799987
|c 1-1434.546
|l MZK
|r Sklad / do 1 hodiny
|n 3
|p p.v.
|w 001762359
|u 000010
|a 1
|e BOA001
|j MZK50
|s P
|